|
|
|
|
| LEADER |
00000cam a2200000 i 4500 |
| 001 |
1/11432 |
| 008 |
101221s2010 nyu ||| | eng|| |
| 020 |
|
|
|a 978-1-4419-0575-8
|
| 035 |
|
|
|l 10109408
|
| 040 |
|
|
|a GR-MyUA
|b gre
|e AACR2
|
| 041 |
0 |
|
|a eng
|
| 082 |
0 |
|
|a 510.1
|2 (22)
|
| 245 |
1 |
0 |
|a Explanation and proof in mathematics :
|b philosophical and educational perspectives /
|c Gila Hanna, Hans Niels Jahnke, Helmut Pulte, editors.
|
| 260 |
|
|
|a New York, NY ; London :
|b Springer,
|c c2010.
|
| 300 |
|
|
|a viii, 294 σ. :
|b εικ. ;
|c 24 εκ.
|
| 504 |
|
|
|a Περιέχει βιβλιογραφικές αναφορές και ευρετήριο.
|
| 650 |
0 |
0 |
|a Proof theory.
|
| 650 |
0 |
0 |
|a Mathematics
|x Philosophy.
|
| 700 |
1 |
|
|a Hanna, G.
|q (Gila),
|d 1934-
|e edt
|
| 700 |
1 |
|
|a Jahnke, H. N.
|q (Hans Niels),
|d 1948-
|e edt
|
| 700 |
1 |
|
|a Pulte, Helmut,
|e edt
|
| 852 |
|
|
|a INST
|b SAMOS
|e 20101221
|h 510.1 EXP
|p 005300033105
|q 005300033105
|t BK
|y 0
|
| 901 |
|
|
|a BIBL3-2010-3
|
| 909 |
|
|
|a Σ
|b 166668
|
| 922 |
|
|
|a 3ΕΛΗ
|b 201010
|c ΤΜΗΜΑ ΜΑΘΗΜΑΤΙΚΩΝ
|d ΜΙΧΑΛΟΠΟΥΛΟΣ
|
| 970 |
|
|
|a ΚΟΣΙΕΡΗΣ
|b ΧΡΗΣΤΟΣ
|z 2010/12/21
|